zpět

Detail výsledku týmu

Pivovar Born, Nový Bor

Datum a čas kvízu

32 Celkem bodů Celkový počet nahraných bodů na tomto kvízu bez doplňovacích otázek.
7. Pořadí na kvízu Konečné umístění týmu na tomto kvízu.

Zaznamenané odpovědi

# Otázka Odpověď Body Výsledky
1. Obyvatelé Ostravy se po 21 let... (Moravskoslezská vědecká) knihovna 1
2. Ve vysílání maďarské státní te... Bratislavský hrad 0
3. Jak se jmenuje Miss Czech Repu... Linda Górecká 1
4. Který evropský poloostrov post... Pyrenejský (Iberský) 1
5. Minulý týden plnil stránky spo... Andrej Kollár 0
6. Podíváme se na několik známých... Džoser 0
7. V Egyptě ještě chvíli zůstane... Tutanchamon 1
8. Kdo je pohřben pod tímto náhro... Josef Skupa 1
9. Tento hřbitov je situován při... Arlingtonský 1
10. V poslední otázce tématu se po... Kolja 1